| 000 -CABECERA |
| Longitud fija campo de control |
00818nam a22002657a 4500 |
| 003 - IDENTIFICADOR DEL NÚMERO DE CONTROL |
| Identificador del número de control |
OSt |
| 005 - FECHA Y HORA DE LA ÚLTIMA TRANSACCIÓN |
| Fecha y hora de la última transacción |
20151022113002.0 |
| 008 - CÓDIGOS DE INFORMACIÓN DE LONGITUD FIJA |
| Códigos de información de longitud fija |
130523s2013 sp ||||| |||| 00| 0 spa d |
| 020 ## - NÚMERO INTERNACIONAL NORMALIZADO PARA LIBROS |
| Número Internacional Normalizado para Libros (ISBN) |
9788499923062 |
| 040 ## - FUENTE DE LA CATALOGACIÓN |
| Centro transcriptor |
CDMR |
| 110 2# - PUNTO DE ACCESO PRINCIPAL-NOMBRE DE ENTIDAD CORPORATIVA |
| 9 (RLIN) |
3490 |
| Nombre de entidad corporativa o nombre de jurisdicción como elemento inicial |
Mongolia (Revista) |
| 245 10 - MENCIÓN DE TÍTULO |
| Título |
Papel mojado |
| Resto del título |
: [la crisis de la prensa y el fracaso de los periódicos en España] |
| Mención de responsabilidad, etc. |
Reality News, Mongolia |
| 250 ## - MENCIÓN DE EDICIÓN |
| Mención de edición |
1a ed. |
| 260 ## - PUBLICACIÓN, DISTRIBUCIÓN, ETC. (PIE DE IMPRENTA) |
| Lugar de publicación, distribución, etc. |
Barcelona |
| Nombre del editor, distribuidor, etc. |
Debate |
| Fecha de publicación, distribución, etc. |
2013 |
| 300 ## - DESCRIPCIÓN FÍSICA |
| Extensión |
118 p. |
| 490 0# - MENCIÓN DE SERIE |
| Mención de serie |
Debate Actualidad |
| 610 2# - PUNTO DE ACCESO ADICIONAL DE MATERIA - NOMBRE DE ENTIDAD CORPORATIVA |
| 9 (RLIN) |
3494 |
| Nombre de entidad corporativa o nombre de jurisdicción como elemento inicial |
Público (Diari) |
| 610 2# - PUNTO DE ACCESO ADICIONAL DE MATERIA - NOMBRE DE ENTIDAD CORPORATIVA |
| 9 (RLIN) |
1150 |
| Nombre de entidad corporativa o nombre de jurisdicción como elemento inicial |
La Vanguardia (Diari) |
| 610 2# - PUNTO DE ACCESO ADICIONAL DE MATERIA - NOMBRE DE ENTIDAD CORPORATIVA |
| 9 (RLIN) |
3493 |
| Nombre de entidad corporativa o nombre de jurisdicción como elemento inicial |
El Mundo (Diari) |
| 650 04 - PUNTO DE ACCESO ADICIONAL DE MATERIA - TÉRMINO DE MATERIA |
| 9 (RLIN) |
4120 |
| Término de materia o nombre geográfico como elemento inicial |
Empreses periodístiques |
| Subdivisión geográfica |
Espanya |
| 650 04 - PUNTO DE ACCESO ADICIONAL DE MATERIA - TÉRMINO DE MATERIA |
| 9 (RLIN) |
3492 |
| Término de materia o nombre geográfico como elemento inicial |
Relacions laborals |
| 610 2# - PUNTO DE ACCESO ADICIONAL DE MATERIA - NOMBRE DE ENTIDAD CORPORATIVA |
| 9 (RLIN) |
3256 |
| Nombre de entidad corporativa o nombre de jurisdicción como elemento inicial |
Diario El País, S.L. |
| 700 1# - PUNTO DE ACCESO ADICIONAL - NOMBRE DE PERSONA |
| 9 (RLIN) |
3491 |
| Nombre de persona |
Rusiñol Pere |
| Fechas asociadas al nombre |
1972- |
| 942 ## - ENTRADA DE ELEMENTOS AGREGADOS (KOHA) |
| Fuente de clasificaión o esquema |
|
| Koha [por defecto] tipo de item |
Monografies |